00399nam a2200121Ia 4500008004100000041000800041082001500049100001700064245012500081260003500206300001900241999001700260241015s9999 xx 000 0 und d aeng a005.54 SAR aSarka, Dejan aAdvanced Analytics with Power BI and Excel: Learn Powerful Visualization and Data Analysis Techniques Using Microsoft BI bOrangeava.ComaNew Dehlic2023 a329;. P. 23 cm c41921d41921